| 000 | 00810nam a2200217Ia 4500 | ||
|---|---|---|---|
| 999 |
_c39469 _d39469 |
||
| 001 | 6063 | ||
| 003 | GE_BSU | ||
| 005 | 20190920144727.0 | ||
| 008 | 181216s1984||||ge |||||||||||||| ||geo|| | ||
| 040 | _cGE_BSU | ||
| 041 | _ageo | ||
| 080 | _a821.353.1-1 ა-76 | ||
| 100 |
_aარაბული, ბაღათერ _94184 |
||
| 245 |
_aიხსენებ ჩავლილს : _bლექსები / _cბაღათერ არაბული ; რედ. მ. ჯაფარიძე. |
||
| 264 |
_aთბილისი : _bმერანი ; _c1984. |
||
| 300 |
_a111 გვ. ; _c15 სმ. |
||
| 653 | _aიხსენებ ჩავლილს | ||
| 653 | _aლექსები | ||
| 700 |
_aჯაფარიძე, მ. _eრედაქტორი _94185 |
||
| 942 |
_cBK _2udc |
||